Loading...
A South Indian Subcaste: Social organization and religion of the pramalai kallar/
Dumont traces the history and distribution of the Pramalai Kallars of south India: their culture, agricultural practices, economic and political organization, and the collective representations embedded in their social organization and religion.
| Main Author: | |
|---|---|
| Format: | Printed Book |
| Language: | English |
| Published: |
Delhi:
Oxford university press,
1986.
|
| Subjects: |
| LEADER | 00923nam a22001817a 4500 | ||
|---|---|---|---|
| 008 | 191023b ||||| |||| 00| 0 eng d | ||
| 999 | |c 344185 |d 344185 | ||
| 020 | |a 0195617851 | ||
| 082 | |a 305.5609548 | ||
| 100 | |a Dumont,Louis | ||
| 245 | |a A South Indian Subcaste: |b Social organization and religion of the pramalai kallar/ |c Louis Dumont | ||
| 260 | |a Delhi: |b Oxford university press, |c 1986. | ||
| 300 | |b 501p. | ||
| 500 | |a religion of the pramalai kallar. | ||
| 520 | |a Dumont traces the history and distribution of the Pramalai Kallars of south India: their culture, agricultural practices, economic and political organization, and the collective representations embedded in their social organization and religion. | ||
| 650 | 0 | |a Religion and sociology | |
| 942 | |c BK | ||
| 952 | |0 0 |1 0 |2 ddc |4 0 |6 305_560954800000000_DUM_S |7 0 |9 395745 |a SDE |b SDE |c ST1 |d 2019-10-23 |g 200.00 |i SDE290 |l 0 |o 305.5609548 DUM/S |p SDE290 |r 2019-10-23 |w 2019-10-23 |y BK | ||